Nutrition for women / (Record no. 69695)

MARC details
000 -LEADER
fixed length control field 00860nam a22002297a 4500
005 - DATE AND TIME OF LATEST TRANSACTION
control field 20120904102240.0
008 - FIXED-LENGTH DATA ELEMENTS--GENERAL INFORMATION
fixed length control field 120903t xxu||||| |||| 00| 0 eng d
010 ## - LCCN (DPL NO)
LC control number ENG-105781
020 ## - INTERNATIONAL STANDARD BOOK NUMBER
International Standard Book Number 9788178797090
Terms of availability 750.00
035 ## - SYSTEM CONTROL NUMBER
System control number EN-89314
037 ## - SOURCE OF ACQUISITION
Source of stock number/acquisition DBAD/PUB
040 ## - CATALOGING SOURCE
Original cataloging agency DPL
Language of cataloging English
082 ## - DEWEY DECIMAL CLASSIFICATION NUMBER
Classification number 613.2082
245 ## - TITLE STATEMENT
Title Nutrition for women /
Statement of responsibility, etc edited and compiled by Ravindra R. Kawade
260 ## - PUBLICATION, DISTRIBUTION, ETC. (IMPRINT)
Place of publication, distribution, etc New Delhi
Name of publisher, distributor, etc Sports Publication
Date of publication, distribution, etc 2012
270 ## - ADDRESS
Address 7/26, Ground Floor, Ansari Road, Darya Ganj
City New Delhi
Postal code 110002
300 ## - PHYSICAL DESCRIPTION
Extent 264 p.
Dimensions 22cm(Hb)
500 ## - GENERAL NOTE
General note Includes bibliographical references
700 ## - ADDED ENTRY--PERSONAL NAME
Personal name Kawade, Ravindra R.
9 (RLIN) 51967
942 ## - ADDED ENTRY ELEMENTS (KOHA)
Source of classification or shelving scheme Dewey Decimal Classification
Item type English Books
Classification part 613.2082
Call number suffix NUT
Holdings
Withdrawn status Lost status Source of classification or shelving scheme Damaged status Not for loan Collection code Home library Current library Date acquired Source of acquisition Cost, normal purchase price Total Checkouts Full call number Barcode Date last seen Copy number Cost, replacement price Koha item type
    Dewey Decimal Classification   Not For Loan Non-fiction D.B.Act.Division D.B.Act.Division 04/09/2012 DBAD / PUB 750.00   613.2082 NUT EN-89314 04/09/2012 1 750.00 English Books

© Delhi Public Library
Hit Counter
free hit counter